| 000 | 01687nmm a22002774a 4500 | ||
|---|---|---|---|
| 003 | BOLpUSFA | ||
| 005 | 20201006010246.0 | ||
| 008 | t es gq d 000 u spa d | ||
| 017 | _a | ||
| 020 | _a | ||
| 041 | _aspa | ||
| 044 | _cES | ||
| 100 | _a Cury, Augusto | ||
| 245 |
_aPadres brillantes profesores fascinantes : _bel método más eficaz para formar jóvenes felices proactivos seguros e inteligentes _h[recurso electrónico] |
||
| 250 | _a1a.ed. | ||
| 260 |
_as.l.: _bs.e., _c 2005. |
||
| 300 |
_a108 p. ; _bPDF. |
||
| 520 | _aFormar niños y adolescentes sociables, felices, libres y emprendedores es un hermoso desafío en estos momentos. La soledad nunca fue tan intensa: los padres esconden sus sentimientos a los hijos, los hijos esconden sus lágrimas a los padres, los maestros se ocultan detrás de las tizas. El estrés y la ansiedad son parte de la rutina de jóvenes y adultos. La producción de conocimiento se ha multiplicado, pero las nuevas generaciones no son formadas para pensar, sino para repetir información. La educación atraviesa una crisis sin precedentes en todo el mundo. ¿Hay esperanza? ¡Sí! En este libro el psiquiatra y científico Augusto Cury muestra que es necesario cultivar la emoción y expandir la inteligencia de los jóvenes. Y, para eso, padres y maestros precisan de herramientas para estimular a los niños y adolescentes. | ||
| 650 | _aEducación | ||
| 650 | _aEnseñanza y formación | ||
| 650 | _aNiñez y adolescencia | ||
| 650 | _aDocente | ||
| 653 | _aPadres de familia | ||
| 856 | _uhttp://biblioteca.usfa.edu.bo/cgi-bin/koha/opac-retrieve-file.pl?id=43d14f745830bbd73ab4e49e6471386f | ||
| 942 |
_2ddc _cDOCE _zWM: MCR |
||
| 999 |
_c2514 _d2514 |
||